KOHA-Header-6

History of Indo-Pak War - 1965 (Record no. 12066)

000 -LEADER
fixed length control field 00335nam a22001337a 4500
020 ## - INTERNATIONAL STANDARD BOOK NUMBER
ISBN 9789698693015
082 ## - DEWEY DECIMAL CLASSIFICATION NUMBER
Classification number 954.904
100 ## - MAIN ENTRY--AUTHOR NAME
Personal name Lt. General Mahmud Ahmed (Retired)
245 ## - TITLE STATEMENT
Title History of Indo-Pak War - 1965
260 ## - PUBLICATION, DISTRIBUTION, ETC. (IMPRINT)
Place of publication Karachi
Name of publisher Services Book Club
Year of publication 2006
300 ## - PHYSICAL DESCRIPTION
Number of Pages xxiv, 638 pages
650 ## - SUBJECT ADDED ENTRY--TOPICAL TERM
Topical Term History
942 ## - ADDED ENTRY ELEMENTS (KOHA)
Koha item type Books
Holdings
Withdrawn status Lost status Collection code Permanent Location Current Location Shelving location Date acquired Full call number Accession Number Koha item type
    Pakistan Studies / History MAJU MAJU Shelf No.A30 2022-11-26 954.904 10580 Books

Powered by Koha